Návrh logistického systému výrobného podniku : Záverečná práca

Gespeichert in:
Bibliographische Detailangaben
1. Verfasser: Prokopcová, Adela (Verfasst von)
Weitere Verfasser: Červeňan, Štefan (xxx)
Format: Manuskript Buch
Sprache:Slowakisch
Veröffentlicht: Trnava : STU v Bratislave MtF KMK, 1997
Schlagworte:
Tags: Tag hinzufügen
Keine Tags, Fügen Sie das erste Tag hinzu!

MARC

LEADER 00000ntm a22000003a 4500
001 stu74476
005 20160719155106.6
008 020301s1997----xo------------------slo-d
040 |a STU  |b slo 
041 0 |a slo 
044 |a xo 
100 1 |a Prokopcová, Adela  |4 aut 
245 1 |a Návrh logistického systému výrobného podniku :  |b Záverečná práca 
260 |a Trnava :  |b STU v Bratislave MtF KMK,  |c 1997 
300 |a 44 s  |c výťah 
650 7 |a Podniky výrobné  |2 stusub 
650 7 |a logistika podniková  |2 stusub 
650 7 |a manažment  |2 stusub 
700 1 |a Červeňan, Štefan  |4 xxx  |u M190  |U MTF Materiálovotechnologická fakulta  |T MTF Katedra priemyselného inžinierstva a manažmentu  |U M190  |Y 167 
996 |b 284M041811  |c M*DP-1091  |l MMSKP  |s P  |a 0  |w stu74476_0001